000
00295nam a2200109Ia 4500
008
190912s9999||||xx |||||||||||||| ||und||
100
_a
Dominick Salvatore
245
0
_a
Schaum's Outlines of Theory And Problems of Macroeconomics
260
_a
USA
_b
McGraw-Hill
_c
1992
300
_a
364
942
_c
BK
999
_c
7828
_d
7828